000 00546nam a2200181Ia 4500
005 20250508153425.0
008 008 250505s9999 xx 000 0 eng d
037 _aBooks to be hide in OPAC
040 _aFEDL
_beng
_cFEDL
041 _aeng
_2eng
084 _a370.11, UNI/O
_qFEDL
245 0 _aEducational values in club programs
260 _aWashington, USA
_bU.S. Government Printing Office
_c1961
300 _aviii,17p.
490 _aDistributive education
942 _cHB
_h370.11, UNI/O
999 _c1342765
_d1342765